Economics Reference manual for UGC examinations : (Record no. 66035)
[ view plain ]
| 000 -LEADER | |
|---|---|
| fixed length control field | 00447nam a22001337a 4500 |
| 005 - DATE AND TIME OF LATEST TRANSACTION | |
| control field | 20180803152555.0 |
| 020 ## - INTERNATIONAL STANDARD BOOK NUMBER | |
| International Standard Book Number | 8188583448 |
| Terms of availability | 800.00 |
| 035 ## - SYSTEM CONTROL NUMBER | |
| System control number | B-217844, B-217839, B-217851 |
| 037 ## - SOURCE OF ACQUISITION | |
| Stock number | DPL |
| Source of stock number/acquisition | ENG |
| 245 ## - TITLE STATEMENT | |
| Title | Economics Reference manual for UGC examinations : |
| Remainder of title | [NET, SLET, JRF and other UPSC competitive tests] / |
| 260 ## - PUBLICATION, DISTRIBUTION, ETC. (IMPRINT) | |
| Place of publication, distribution, etc | New Delhi |
| Name of publisher, distributor, etc | Reference Press |
| Date of publication, distribution, etc | 2004 |
| 300 ## - PHYSICAL DESCRIPTION | |
| Extent | ix, 437p. |
| Dimensions | 20 cms. |
| 942 ## - ADDED ENTRY ELEMENTS (KOHA) | |
| Source of classification or shelving scheme | Dewey Decimal Classification |
| Item type | English Books |
| Classification part | 330 |
| Call number suffix | REF |
| Withdrawn status | Lost status | Not for loan | Collection code | Home library | Current library | Date acquired | Cost, normal purchase price | Full call number | Barcode | Cost, replacement price | Koha item type | Source of acquisition |
|---|---|---|---|---|---|---|---|---|---|---|---|---|
| Non-fiction | Patel Nagar | Patel Nagar | 21/07/2018 | 800.00 | 330 REF | B-217839 | 800.00 | English Books | BPPD/Pub | |||
| Non-fiction | Sarojini Nagar | Sarojini Nagar | 03/05/2012 | 800.00 | 330 REF | B-217844 | 800.00 | English Books | ||||
| Non-fiction | Shahdara Branch | Shahdara Branch | 03/08/2018 | 800.00 | 330 REF | B-217851 | 800.00 | English Books | BPPD/PUB | |||
| Non-fiction | Yojana Vihar | Yojana Vihar | 17/10/2019 | 800.00 | 330 REF | B-217852 | 800.00 | English Books | BPPD/PUB |
